LEADER 00676nam a2200193 i 4500 001 000000252914 003 CaOOAMICUS 005 20230719144809.0 008 170214s1795 it u000 u ita u 026 $aZADI i-e- elo- Cose (3) 1795 (A) 040 $aSeMil$bita 245 10$aParte 2. 300 $a[6], 393, [3] p. 500 $aSegn.: pg1 chi2 A-3B4 3C6. 773 0 $aRatti, Nicola <1759-1833>$tDella famiglia Sforza. Parte 1. [-2.].$dRoma : Presso il Salomoni, 1794-1795$g2$w()6206 850 $aSeMil 852 $aSeMil$W1$xVenegono$y1$m3O V 42 FA$j203260$B203260$CSeMilBibl$Z2$F215967 $8I 996 $6245$aParte 2$9(OLS)http://semarc/title/108333 LEADER 00633nam a2200169 i 4500 001 000000242019 003 CaOOAMICUS 005 20150526000000.0 008 150526s1834 it u000 u fre u 013 $a220924 040 $aSeMil$bita 245 10$aOraisons funèbres. 300 $a468 p. 773 0 $aMassillon, Jean-Baptist $tOeuvres complètes de Massillon, évêque de Clermont.$dA Paris : Chez Gauthier frères et C., 1834.$g8$w()31928 850 $aSeMil 852 $aSeMil$W1$xVenegono$y1$m3F II 13 FA$j192365$B192365$CSeMilBibl$Z2$F203191 $8I 996 $6245$aOraisons funèbres$9(OLS)http://semarc/title/43534 LEADER 01557nam a2200313 i 4500 001 000000163561 003 CaOOAMICUS 005 20260316105512.0 008 070801s2007 it u000 u fre u 013 $a140925 020 $a978-88-7653-167-5 040 $aSeMil$bita 100 1 $aLeproux, Alexis <1971- >.$0(OLS)http://semarc/name/61947 245 13$aUn discours de sagesse :$bétude exégétique de Sg 7-8 /$cAlexis Leproux. 260 $aRoma :$bPontificio Istituto Biblico,$c2007. 300 $a386 p. ;$c24 cm. 490 0 $aAnalecta Biblica : investigationes scientificae in res biblicas ;$v167 600 04$aSalomone .$0(OLS)http://semarc/subject/8925 650 4$aBibbia. Antico testamento. Sapienza - Commentari, studi, critica, interpretazioni.$0(OLS)http://semarc/subject/2660 650 4$aBibbia. Antico Testamento - Analisi narrativa e linguistica.$0(OLS)http://semarc/subject/59792 650 4$aBibbia. Antico testamento. Sapienza, 7-8.$0(OLS)http://semarc/subject/31089 830 0$aAnalecta biblica ;$v167.$0(OLS)http://semarc/title/6 850 $aSeMil 852 $aSeMil$W1$xVenegono$y1$m2HA G 167$j268529$B114855$CSeMilBibl$Z2$F125627 $81 961 $aSottoscrizione: Pontificio Istituto Biblico 996 $6020$a978-88-7653-167-5$9(OLS)http://semarc/number/149652 996 $6245$aUn discours de sagesse :$bétude exégétique de Sg 7-8$9(OLS)http://semarc/title/233384 996 $6260$aRoma :$bPontificio Istituto Biblico$9(OLS)http://semarc/publisher/30489